La moto au cinéma - #3 - Statistiques

Statistiques générales
  • Ce quiz a été pris 81 fois
  • Le résultat moyen est 10 sur 20
Statistiques - réponses
Par images Réponse % Correct
Les Simpson : Le Film
100%
Harry Potter et les Reliques de la Mort Partie 1
95%
Matrix Reloaded
81%
Captain America : Le soldat de l'hiver
76%
Jurassic World
76%
Indiana Jones et le Dernière Croisade
73%
Kill Bill
71%
The Dark Knight
68%
Tron : Ares
65%
Luca
60%
Super Mario Bros. le Film
52%
La Grande Vadrouille
51%
Mission : Impossible 2
48%
Fantastic Mr. Fox
39%
Sin City : J'ai tué pour elle
28%
Tchao Pantin
24%
Mad Max
23%
Demain ne meurt jamais
13%
Carnets de Voyage
4%
Sherlock Jr.
3%
Aucun quiz correspondant
Distribution des résultats
% des personnes avec chaque résultat
Percentile par nombre de réponses
Votre historique - résultats
Vous n’avez pas pris ce quiz